World Capitals further North than all their Countries' Tripoints - Statistics

General Stats
  • This quiz has been taken 32 times
  • The average score is 13 of 24
Answer Stats
# Capital % Correct
1 C{airo}
87%
5 Algiers
83%
1 R{abat}
83%
5 Tripoli
78%
1 T{unis}
78%
1 A{msterdam}
74%
3 Bogota
74%
6 Astana
70%
7 Berlin
70%
2 Caracas
70%
1 M{exico City}
70%
2 Georgetown
65%
2 Paramaribo
65%
1 T{allinn}
61%
3 Brussels
52%
1 A{bu Dhabi}
39%
2 Asmara
39%
1 F{reetown}
39%
1 B{eirut}
30%
4 Bishkek
22%
1 D{haka}
22%
1 K{uwait City}
22%
2 Muscat
22%
1 M{alabo}
17%
No matching quizzes found
Score Distribution
Percent of People with Each Score
Percentile by Number Answered
Your Score History
You have not taken this quiz